000 00709nam a2200217Ia 4500
003 GCL
008 140319s9999 xx 000 0 ara d
020 _a4620208977
040 _aGCL /
_cGCL
082 0 4 _a189.17
_bخ ف
100 1 _aخديجة الحريرى
245 1 0 _aالفكر الاجتماعى فى فلسفة ابن رشد /
_cخديجة الحريرى
250 _aالاولى
260 _aالقاهرة :
_bمكتبة مدبولى ،
_c2007
300 _a137 ص ؛
_c24 سم
650 0 4 _aالفلسفة الاسلامية
650 0 4 _aفلسفة ابن رشد
650 0 4 _aالسببية
650 0 4 _aابن رشد، ابوالوليد محمد بن احمد
942 _2ddc
_cBK
999 _c9503
_d9503